Normal view
MARC view
- سلام، محمد زغلول
Entry Personal Name
001 - CONTROL NUMBER
- control field: 13378
003 - CONTROL NUMBER IDENTIFIER
- control field: JO-AjAnu
005 - DATE AND TIME OF LATEST TRANSACTION
- control field: 20230606072435.0
008 - FIXED-LENGTH DATA ELEMENTS
- fixed length control field: 230606|| aca||aabn | a|a d
040 ## - CATALOGING SOURCE
- Original cataloging agency: JO-AjAnu
- Transcribing agency: JO-AjAnu
100 ## - HEADING--PERSONAL NAME
- Personal name: سلام، محمد زغلول
670 ## - SOURCE DATA FOUND
- Source citation: Work cat.: (JO-AjAnu)6884: سلام، محمد زغلول, author, تاريخ النقد العربي إلى القرن الرابع هجري 1